Pharmaceutical manufacturing encyclopedia. (Record no. 20126)
[ view plain ]
| 000 -LEADER | |
|---|---|
| fixed length control field | 01279cam a22003135a 4500 |
| 001 - CONTROL NUMBER | |
| control field | 14460206 |
| 005 - DATE AND TIME OF LATEST TRANSACTION | |
| control field | 20160217102638.0 |
| 008 - FIXED-LENGTH DATA ELEMENTS--GENERAL INFORMATION | |
| fixed length control field | 060717t2007 nyua frbe 001 0 eng d |
| 020 ## - INTERNATIONAL STANDARD BOOK NUMBER | |
| International Standard Book Number | 081551526X (set : alk paper) |
| 020 ## - INTERNATIONAL STANDARD BOOK NUMBER | |
| International Standard Book Number | 9780815515265 (set : alk paper) |
| 040 ## - CATALOGING SOURCE | |
| Original cataloging agency | DNLM/DLC |
| Language of cataloging | eng |
| Transcribing agency | DLC |
| Modifying agency | NLM |
| -- | BAKER |
| -- | YDXCP |
| -- | YDX |
| -- | OCLCQ |
| -- | DLC |
| -- | EG-ScBUE |
| -- | EG-ScBUE |
| 082 04 - DEWEY DECIMAL CLASSIFICATION NUMBER | |
| Classification number | 615.1903 |
| Item number | PHA |
| Edition number | 22 |
| 245 00 - TITLE STATEMENT | |
| Title | Pharmaceutical manufacturing encyclopedia. |
| 250 ## - EDITION STATEMENT | |
| Edition statement | 3rd ed. |
| 260 ## - PUBLICATION, DISTRIBUTION, ETC. (IMPRINT) | |
| Place of publication, distribution, etc | Norwich : |
| Name of publisher, distributor, etc | William Andrew Publishing, |
| Date of publication, distribution, etc | c.2007. |
| 300 ## - PHYSICAL DESCRIPTION | |
| Extent | 4 v. : |
| Other physical details | ill. ; |
| Dimensions | 24 cm. |
| 500 ## - GENERAL NOTE | |
| General note | Rev. ed. of: Pharmaceutical manufacturing encyclopedia / by Marshall Sittig. c1988. |
| 504 ## - BIBLIOGRAPHY, ETC. NOTE | |
| Bibliography, etc | Includes bibliographical references and index. |
| 505 0# - FORMATTED CONTENTS NOTE | |
| Formatted contents note | v. 1. A-B -- v. 2. C-G -- v. 3. H-P -- v. 4. Q-Z, indices. |
| 650 #0 - SUBJECT ADDED ENTRY--TOPICAL TERM | |
| Topical term or geographic name as entry element | Drugs |
| General subdivision | Synthesis |
| Form subdivision | Encyclopedias. |
| Source of heading or term | BUEsh |
| 650 #0 - SUBJECT ADDED ENTRY--TOPICAL TERM | |
| Topical term or geographic name as entry element | Pharmaceutical chemistry |
| Form subdivision | Encyclopedias. |
| Source of heading or term | BUEsh |
| 650 12 - SUBJECT ADDED ENTRY--TOPICAL TERM | |
| Topical term or geographic name as entry element | Pharmaceutical Preparations |
| Form subdivision | Encyclopedias |
| General subdivision | English. |
| Source of heading or term | BUEsh |
| 650 22 - SUBJECT ADDED ENTRY--TOPICAL TERM | |
| Topical term or geographic name as entry element | Chemistry, Pharmaceutical |
| Form subdivision | Encyclopedias |
| General subdivision | English. |
| Source of heading or term | BUEsh |
| 651 ## - SUBJECT ADDED ENTRY--GEOGRAPHIC NAME | |
| Source of heading or term | BUEsh |
| 653 ## - INDEX TERM--UNCONTROLLED | |
| Resource For college | Pharmacy |
| Arrived date list | July2015 |
| -- | February2016 |
| 700 1# - ADDED ENTRY--PERSONAL NAME | |
| Personal name | Sittig, Marshall. |
| Title of a work | Pharmaceutical manufacturing encyclopedia. |
| 710 2# - ADDED ENTRY--CORPORATE NAME | |
| Corporate name or jurisdiction name as entry element | William Andrew Publishing. |
| 942 ## - ADDED ENTRY ELEMENTS (KOHA) | |
| Source of classification or shelving scheme | Dewey Decimal Classification |
| Withdrawn status | Lost status | Source of classification or shelving scheme | Damaged status | Not for loan | Koha collection | Home library | Current library | Shelving location | Date acquired | Source of acquisition | Cost, normal purchase price | Serial Enumeration / chronology | Total Checkouts | Full call number | Barcode | Date last seen | Cost, replacement price | Koha item type | Public note |
|---|---|---|---|---|---|---|---|---|---|---|---|---|---|---|---|---|---|---|---|
| Dewey Decimal Classification | Central Library | Central Library | Ground Floor | 02/07/2015 | Purchase | 5980.00 | 1091 | 615.1903 PHA | 000038888 | 15/07/2025 | 7475.00 | Reference (NB) | VOL. 1. (A-B) | ||||||
| Dewey Decimal Classification | Central Library | Central Library | Ground Floor | 02/07/2015 | Purchase | 5980.00 | 1091 | 615.1903 PHA | 000038889 | 15/07/2025 | 7475.00 | Reference (NB) | VOL. 2. (C-G) | ||||||
| Dewey Decimal Classification | Central Library | Central Library | Ground Floor | 02/07/2015 | Purchase | 5980.00 | 1091 | 615.1903 PHA | 000038886 | 15/07/2025 | 7475.00 | Reference (NB) | VOL. 3. (H-P) | ||||||
| Dewey Decimal Classification | Central Library | Central Library | Ground Floor | 02/07/2015 | Purchase | 5980.00 | 1091 | 615.1903 PHA | 000038845 | 15/07/2025 | 7475.00 | Reference (NB) | VOL. 4. (Q-Z, Indices) |